Environment and Ecology (Record no. 2623)

MARC details
000 -LEADER
Fixed length control field 00423nam a2200157 4500
003 - CONTROL NUMBER IDENTIFIER
Control field SEACOMEC
005 - DATE AND TIME OF LATEST TRANSACTION
Control field 20251105112829.0
008 - FIXED-LENGTH DATA ELEMENTS--GENERAL INFORMATION
Fixed length control field 251105b |||||||| |||| 00| 0 eng d
020 ## - INTERNATIONAL STANDARD BOOK NUMBER / ISBN
International Standard Book Number 8125929029
Price 140.00
040 ## - CATALOGING SOURCE
Original cataloging agency SEACOMEC
082 ## - DEWEY DECIMAL CLASSIFICATION NUMBER
Classification number 333.7
Book Number D229
100 ## - MAIN ENTRY--PERSONAL NAME
Personal name Das Mohapatra, Gourkrishna
245 ## - TITLE STATEMENT
Title Environment and Ecology
Statement of responsibility Gourkrishna Das Mohapatra
260 ## - IMPRINT
Place of publication Kolkata :
Name of publisher Vikas Pub.
Date of publication 2007
942 ## - ADDED ENTRY ELEMENTS (KOHA)
Koha item type Books
Holdings
Withdrawn status Lost status Source of classification Damaged status Not for loan Home library Current library Date acquired Total Checkouts Call number Accession number Date last seen Price effective from Koha item type Copy number Total Renewals Checked out Date checked out
    Dewey Decimal Classification     SEACOM ENGINEERING COLLEGE SEACOM ENGINEERING COLLEGE 05/11/2025   333.7 D229 12753 05/11/2025 05/11/2025 Reference Books        
    Dewey Decimal Classification     SEACOM ENGINEERING COLLEGE SEACOM ENGINEERING COLLEGE 05/11/2025   333.7 D229 12754 05/11/2025 05/11/2025 Books 1      
    Dewey Decimal Classification     SEACOM ENGINEERING COLLEGE SEACOM ENGINEERING COLLEGE 05/11/2025   333.7 D229 12755 05/11/2025 05/11/2025 Books 2      
    Dewey Decimal Classification     SEACOM ENGINEERING COLLEGE SEACOM ENGINEERING COLLEGE 05/11/2025   333.7 D229 12756 05/11/2025 05/11/2025 Books 3      
    Dewey Decimal Classification     SEACOM ENGINEERING COLLEGE SEACOM ENGINEERING COLLEGE 05/11/2025   333.7 D229 12757 05/11/2025 05/11/2025 Books 4      
    Dewey Decimal Classification     SEACOM ENGINEERING COLLEGE SEACOM ENGINEERING COLLEGE 05/11/2025   333.7 D229 12758 05/11/2025 05/11/2025 Books 5      
    Dewey Decimal Classification     SEACOM ENGINEERING COLLEGE SEACOM ENGINEERING COLLEGE 05/11/2025 3 333.7 D229 12759 14/05/2026 05/11/2025 Books 6 1 28/05/2026 14/05/2026
    Dewey Decimal Classification     SEACOM ENGINEERING COLLEGE SEACOM ENGINEERING COLLEGE 05/11/2025   333.7 D229 12760 05/11/2025 05/11/2025 Books 7      
    Dewey Decimal Classification     SEACOM ENGINEERING COLLEGE SEACOM ENGINEERING COLLEGE 05/11/2025   333.7 D229 12761 05/11/2025 05/11/2025 Books 8      
    Dewey Decimal Classification     SEACOM ENGINEERING COLLEGE SEACOM ENGINEERING COLLEGE 05/11/2025   333.7 D229 12762 05/11/2025 05/11/2025 Books 9      
© Seacom Engineering College, All rights reserved.      Powered by Koha